书目信息 |
| 题名: |
元史纪事本末
|
|
| 作者: | 陈邦瞻 著 | |
| 分册: | ||
| 出版信息: | 北京 中华书局 1979.4 |
|
| 页数: | 245页 | |
| 开本: | 20cm | |
| 丛书名: | ||
| 单 册: | ||
| 中图分类: | K247.04 | |
| 科图分类: | ||
| 主题词: | 中国--古代史--元代 | |
| 电子资源: | ||
| ISBN: | ||
| 000 | 00526nam0 2200193 45 | |
| 001 | 0312221749 | |
| 005 | 20060813164816.43 | |
| 010 | @dCNY0.76 | |
| 091 | @a11018.759 | |
| 100 | @a20031222d1979 km y0chiy0120 ea | |
| 101 | @achi | |
| 200 | 1 | @a元史纪事本末@AYuan Shi Ji Shi Ben Mo@f(明)陈邦瞻著@F(Ming)Chen Bang Zhan Zhu |
| 210 | @a北京@c中华书局@d1979.4 | |
| 215 | @a245页@d20cm | |
| 606 | 0 | @a中国@x古代史@z元代 |
| 690 | @aK247.04@v3 | |
| 701 | 0 | @a陈邦瞻@4著 |
| 801 | @aCN@bTSTCL@c20060813 | |
| 905 | @dK247.04@e18@b179828@f1 | |
| 元史纪事本末/(明)陈邦瞻著.-北京:中华书局,1979.4 |
| 245页;20cm |
| ISBN :CNY0.76 |
| ● |
| 相关链接 |
|
|
|
|
正题名:元史纪事本末
索取号:K247.04/18
 
预约/预借
| 序号 | 登录号 | 条形码 | 馆藏地/架位号 | 状态 | 备注 |
| 1 | 0179827 | 000645724 | 第二借阅区/ [索取号:K247.04/18] | 在馆 | |
| 2 | 0179828 | 001992240 | 第二借阅区/ [索取号:K247.04/18] | 在馆 | |
| 3 | 0179829 | 000645733 | 第二样本阅览室/ [索取号:K247.04/18] | 在馆 | |
| 4 | 0462156 | 204621560 | 密集书库/ [索取号:K247.04/18] | 在馆 | |
| 5 | 0462157 | 204621579 | 密集书库/ [索取号:K247.04/18] | 在馆 |